LEADER 01717nam 22005774a 450 001 9910450697703321 005 20200520144314.0 010 $a9786610204052 010 $a0-585-39354-0 010 $a1-280-20405-2 010 $a0-203-90869-4 035 $a(CKB)1000000000413922 035 $a(OCoLC)49851561 035 $a(CaPaEBR)ebrary10051227 035 $a(SSID)ssj0000168134 035 $a(PQKBManifestationID)11171048 035 $a(PQKBTitleCode)TC0000168134 035 $a(PQKBWorkID)10178223 035 $a(PQKB)10991329 035 $a(MiAaPQ)EBC216357 035 $a(Au-PeEL)EBL216357 035 $a(CaPaEBR)ebr10051227 035 $a(CaONFJC)MIL20405 035 $a(OCoLC)808035734 035 $a(EXLCZ)991000000000413922 100 $a20000427d2000 uy 0 101 0 $aeng 135 $aurcn||||||||| 181 $ctxt 182 $cc 183 $acr 200 00$aHandbook of porous media$b[electronic resource] /$fedited by Kambiz Vafai ; assistant editor, Hamid A. Hadim 210 $aNew York $cMarcel Dekker$dc2000 215 $a1 online resource (927 p.) 300 $aBibliographic Level Mode of Issuance: Monograph 311 $a0-8247-8886-9 311 $a0-8247-4150-1 320 $aIncludes bibliographical references and index. 606 $aPorous materials$vHandbooks, manuals, etc 608 $aElectronic books. 615 0$aPorous materials 676 $a620.1/16 701 $aVafai$b K$g(Kambiz)$0881921 701 $aHadim$b Hamid A$0881922 801 0$bMiAaPQ 801 1$bMiAaPQ 801 2$bMiAaPQ 906 $aBOOK 912 $a9910450697703321 996 $aHandbook of porous media$91969928 997 $aUNINA LEADER 01518nam a22002891i 4500 001 991003031329707536 005 20040514171700.0 008 040624s1986 it a||||||||||||||||ita 020 $a8878130745 035 $ab13013798-39ule_inst 035 $aARCHE-097147$9ExL 040 $aDip.to Beni Culturali$bita$cA.t.i. Arché s.c.r.l. Pandora Sicilia s.r.l. 082 04$a722.62 111 2 $aMostra su Architettura etrusca nel viterbese$d<1986 ;$cViterbo>$0488048 245 10$aArchitettura etrusca nel viterbese :$bricerche svedesi a San Giovenale e Acquarossa 1956-1986 : Viterbo Museo archeologico nazionale - Rocca Albornoz dal 19 settembre 1986 /$c[Massimo Pallottino] ... [et al.] 260 $aRoma :$bDe Luca,$cc1986 300 $a154 p., 15 p. di tav. :$bill. ;$c29 cm 500 $aCatalogo di una mostra realizzata a Viterbo nel 1986 500 $aIn testa al front.: Sotto l'alto patronato di S.M. Carlo XVI Gustavo, Re di Svezia [e di] Francesco Cossiga, Presidente della Repubblica Italiana 650 4$aArchitettura etrusca$zViterbo (Provincia)$xEsposizioni$xViterbo$y1986 700 1 $aPallottino, Massimo$eauthor$4http://id.loc.gov/vocabulary/relators/aut$06753 907 $a.b13013798$b02-04-14$c12-07-04 912 $a991003031329707536 945 $aLE001 AR XIII 25$g1$i2001000131235$lle001$nC. 1$o-$pE0.00$q-$rl$s- $t0$u0$v0$w0$x0$y.i13625883$z12-07-04 996 $aArchitettura etrusca nel viterbese$91449576 997 $aUNISALENTO 998 $ale001$b12-07-04$cm$da $e-$fita$git $h0$i1